000
00301pab a2200133 454500
008
180718b1988 xxu||||| |||| 00| 0 eng d
245
_a
Special section "Narmada Project"
260
_c
1988
300
_a
16-74
362
_a
Jun.
650
_a
Irrigation - India
773
_a
Nirnay
909
_a
11412
999
_c
11412
_d
11412